Every Ranked NCAA Basketball Team in the 2021 Season - Statistics

General Stats
  • This quiz has been taken 47 times
  • The average score is 32 of 46
Answer Stats
Highest Rank Answer % Correct
4 Kentucky
95%
5 Texas
95%
1 Duke
92%
25 North Carolina
92%
2 UCLA
92%
3 Kansas
89%
13 Ohio-State
89%
4 Michigan
87%
1 Baylor
84%
14 Florida
84%
1 Gonzaga
84%
10 Michigan-State
84%
5 USC
84%
6 Alabama
82%
1 Auburn
82%
12 Oregon
82%
5 Tennessee
82%
2 Arizona
79%
6 Houston
79%
1 Purdue
79%
9 Texas Tech
79%
4 Villanova
79%
25 Virginia
79%
12 LSU
76%
10 Arkansas
74%
20 Florida-State
74%
11 Illinois
74%
16 Iowa
71%
8 Wisconsin
71%
15 UConn
66%
8 Iowa-State
63%
23 Colorado-State
61%
23 Boise-State
58%
17 Xavier
55%
12 BYU
53%
18 Marquette
53%
9 Memphis
50%
8 Providence
50%
20 Maryland
47%
15 Seton Hall
42%
17 Saint Marys
39%
22 Wyoming
39%
22 Loyola Chicago
26%
19 Murray-State
26%
25 Davidson
18%
16 St. Bonaventure
18%
No matching quizzes found
Score Distribution
Percent of People with Each Score
Percentile by Number Answered
Your Score History
You have not taken this quiz